000 00998nam a2200265Ia 4500
003 OSt
005 20220923211218.0
006 a|||||r|||| 00| 0
007 ta
008 220922b |||||||| |||| 00| 0 hin d
020 _a9788126713721 (hbk)
_c300
024 _a284,493
037 _bBR8585, 30/03/2015, Rajkamal Prakashan Pvt. Ltd
_cTextual
040 _aARTS
_cARTS
_bhin
041 _2hin
_ahin
082 _aO152,3M96,AL, Q2
100 _aत्रिपाठी, सूर्यकान्त, 'निराला'
_9159725
245 0 _aअलका
246 _aAlakā
260 _aनयी दिल्ली
_b राजकमल प्रकाशन
_c2007
300 _a154पृ.
_ccm.
650 _aहिन्दी साहित्य
_9156264
942 _hO152,3M96,AL, Q2
_cTEXL
_2CC
999 _c296974
_d296974